| 000 | 01670cam a2200529 4500 | ||
|---|---|---|---|
| 001 | 584360320 | ||
| 003 | DE-627 | ||
| 005 | 20230623094304.0 | ||
| 007 | tu | ||
| 008 | 081105s2008 gw ||||| 00| ||ger c | ||
| 020 | _a9783937230139 | ||
| 035 | _a(DE-627)584360320 | ||
| 035 | _a(DE-576)28780139X | ||
| 035 | _a(DE-599)GBV584360320 | ||
| 035 | _a(OCoLC)315904327 | ||
| 035 | _a(OCoLC)315904327 | ||
| 040 |
_aDE-627 _bger _cDE-2950 _erakwb |
||
| 041 | _ager | ||
| 044 | _cXA-DE-HE | ||
| 082 | 0 | _a929.3431547 | |
| 082 | 0 | 4 | _a920 |
| 084 |
_a8,1 _2ssgn |
||
| 084 |
_aNR 6910 _2rvk |
||
| 084 |
_aNR 6395 _2rvk |
||
| 084 |
_aNR 7080 _2rvk |
||
| 084 |
_aZH 9302 _2rvk |
||
| 084 |
_a21.73 _2bkl |
||
| 084 |
_a15.48 _2bkl |
||
| 100 | 1 |
_aSeider, Frank-Jürgen. _d1948- _4aut |
|
| 245 | 1 | 0 |
_aHäuserbuch der Stadt Teltow: _bBesitz- und Baugeschichte der Altstadtgrundstücke / _cFrank-Jürgen Seider. |
| 260 |
_aMarburg/Lahn: _bStiftung Stoye, _c2008 |
||
| 300 |
_a196 Seiten _bIll. _e3 Kt. |
||
| 490 | 1 |
_aSchriftenreihe der Stiftung Stoye; _vBd. 49 |
|
| 653 | _aStadt Teltow | ||
| 653 | _aBaugeschichte | ||
| 653 | _aHäuserbuch | ||
| 810 | 2 |
_aStiftung Stoye _tSchriftenreihe der Stiftung Stoye _v49 _949 _w(DE-627)129400025 _w(DE-576)014782529 _w(DE-600)186354-X |
|
| 856 | 4 | 2 |
_uhttp://bvbr.bib-bvb.de:8991/F?func=service&doc_library=BVB01&doc_number=016812251&line_number=0001&func_code=DB_RECORDS&service_type=MEDIA _mV:DE-604 _qapplication/pdf _v20090731000000 _3Inhaltsverzeichnis |
| 936 | r | v | _aNR 6910 |
| 936 | r | v | _aNR 6395 |
| 936 | r | v | _aNR 7080 |
| 936 | r | v | _aZH 9302 |
| 936 | b | k | _a21.73 |
| 936 | b | k | _a15.48 |
| 942 |
_2z _cB |
||
| 951 | _aBO | ||
| 999 |
_c372555 _d372555 |
||